000
00314nam a2200145Ia 4500
100
_a
Krishnamurthy/K.A/ Raghavan/S/V
250
_a
2
942
_c
BK
654
_a
electrical
245
_a
Electrical
260
_b
New Age Interational Ltd.
_c
2001
082
_a
621.3
_b
KRI
300
_a
516
546
_a
ENGLISH
999
_c
19788
_d
19788